Sociedades humanas: introducción a la macrosociología
Gardado en:
| Main Authors: | , , |
|---|---|
| Formato: | Libro |
| Idioma: | Lingua castelá |
| Publicado: |
Ciudad de México
McGraw Hill
1997
|
| Subjects: | |
| Tags: |
Engadir etiqueta
Sen Etiquetas, Sexa o primeiro en etiquetar este rexistro!
|
MARC
| LEADER | 00000nam a2200000 a 4500 | ||
|---|---|---|---|
| 001 | UCP7299 | ||
| 003 | CL-VaPUC | ||
| 008 | 991210e19970000MX |||||||||||||||||spa|d | ||
| 082 | 0 | 4 | |a 301 |b LEN |2 21 |
| 100 | |a Lenski, Gerhard E |e author |9 375803 | ||
| 700 | 0 | |a Nolan, Patrick |e author |9 436848 | |
| 700 | 0 | |a Lenski, Jean |e author |9 436849 | |
| 245 | 1 | 0 | |a Sociedades humanas: introducción a la macrosociología |
| 300 | |a 534 p | ||
| 942 | |c BK | ||
| 945 | |d 19991210 00:00:00 |a rbrito | ||
| 260 | |a Ciudad de México |b McGraw Hill |c 1997 | ||
| 650 | 0 | |a Sociología |9 255410 | |
| 650 | 7 | |a SOCIEDADES HUMANAS |2 CL-VaPUC |9 399833 | |
| 650 | 0 | |a Sociedad |9 307903 | |
| 650 | 0 | |a Sistemas sociales |9 308361 | |
| 583 | |a last modification |c 19991210 00:00:00 |k Rodrigo Vera | ||
| 999 | |c 284601 |d 284599 | ||
| 952 | |0 0 |1 0 |4 0 |6 301_000000000000000_LEN_1997 |7 0 |8 A |9 328722 |a BIBHIS |b BIBHIS |d 2019-11-20 |i 3585913 |o 301 LEN 1997 |p 3585913 |r 2025-01-20 |w 2019-11-20 |y BK |k HIS | ||
| 952 | |0 0 |1 0 |4 0 |6 301_000000000000000_LEN_1997 |7 0 |8 A |9 328723 |a BIBTEO |b BIBTEO |d 2019-11-20 |i 3835502 |o 301 LEN 1997 |p 3835502 |r 2025-01-17 |w 2019-11-20 |y BK |k ICR | ||
| 952 | |0 0 |1 0 |4 0 |6 301_000000000000000_LEN_1997 |7 0 |8 A |9 328724 |a BIBHIS |b BIBHIS |d 2019-11-20 |i 4514610 |o 301 LEN 1997 |p 4514610 |r 2025-01-20 |w 2019-11-20 |y BK |k HIS | ||